| 000 | 00401nam a22001217a 4500 | ||
|---|---|---|---|
| 020 | _a818683026X | ||
| 082 | _a340.03 LEG | ||
| 245 |
_aLegal Systems of the World: _bA Political, Social and Cultural Encyclopedia Vol II / _cEditor Herbert M. Kritzer |
||
| 260 |
_aNew Delhi : _bPentagon Press, _c2005. |
||
| 300 |
_a930 p. ; _c27 cm. |
||
| 942 |
_2ddc _cBK |
||
| 999 |
_c586027 _d586027 |
||